000 00725nam a2200229Ia 4500
003 GCL
008 140319s9999 xx 000 0 ara d
040 _aGCL /
_cGCL
082 0 4 _a210
_bن ف
100 1 _aنعمات احمد فؤاد
245 1 0 _aمن عبقرية الاسلام /
_cنعمات احمد فؤاد
260 _a[S.N] :
_bدار المعارف ،
_c1983
300 _a251 ص
490 _aبطولات اسلامية
_v0
650 0 4 _aالاسلام والحضارة
650 0 4 _aالسيرة النبوية
650 0 4 _aالاسلام والعلم
650 0 4 _aالتاريخ الاسلامى
650 0 4 _aالديانات
650 0 4 _aالغزوات الاسلامية
942 _2ddc
_cBK
999 _c58588
_d58588